000 00919cam a2200265 4500
001 WB3542-32
008 000000n1999 000 0 eng u
035 _a(Sirsi) u101012
245 _aEstate Agents' dirty tricks
260 _c1999
490 _aSunday Times
_v24 October 1999, 3(2)
520 _aLists the ploys which unscrupulous estate agents can use, such as over or undervaluation, inaccurate details and ringfencing. Suggests that selling a property without using an agent is not as complicated as some people suggest.
590 _aWB
650 _aESTATE AGENTS
650 _aPROPERTY-RESIDENTIAL PROPERTY-ACQUISITION AND DISPOSAL OF RESIDENTIAL PROPERTY
650 _aRESIDENTIAL AGENCY
650 _aOMBUDSMAN
650 _aMALPRACTICE
650 _aVALUATIONS
650 _aFEES
650 _aSTAMP DUTY
650 _aSOLE AGENCY
690 _aPROPERTY LAW AND PRACTICE
942 _n0
999 _c60279
_d60279